Culture Générale - Série 747 - Statistiques

Statistiques générales
  • Ce quiz a été pris 293 fois
  • Le résultat moyen est 5 sur 10
Statistiques - réponses
Question Réponse % Correct
Quel pays d'Europe est à la fois, voisin du Danemark et de l'Autriche ? Allemagne
91%
Quel panier à bretelles est utilisé à la fois par les vendangeurs et par le Père Noël ? hotte
87%
À quelle substance de la dent la carie s'attaque-t-elle en premier ? émail
85%
À quelle chanteuse originaire de la Barbade doit-on le tube "Russian Roulette" en 2009 ? Rihanna
62%
Dans la chanson pour enfants "Pirouette, cacahouète", qui s'est cassé le bout du nez en montant les escaliers ? Le facteur
53%
Quel cycliste français a remporté sept fois le maillot du meilleur grimpeur du Tour de France ? Richard Virenque
44%
Complétez le titre du roman de Jean Giono, "L'homme qui plantait des ... arbres
40%
Quelle actrice française a reçu un Oscar, en 1997, pour son rôle dans : "Le Patient anglais" ? Juliette Binoche
35%
Sous quel nom Archibald Alexander Leach s'est-il fait connaître au cinéma ? Cary Grant
10%
Complétez le titre du film réalisé en 1971 par Gordon Parks, "Les nuits rouges de ... Harlem
8%
Aucun quiz correspondant
Distribution des résultats
% des personnes avec chaque résultat
Percentile par nombre de réponses
Votre historique - résultats
Vous n’avez pas pris ce quiz